LEADER 01148nam a2200229 i 4500 001 000000015082 003 CaOOAMICUS 005 20180830125442.0 008 180830s1995 it u000 u ita u 040 $aSeMil$bita 240 10$aExegetisches Wörterbuch zum Neuen Testament.$0(OLS)http://semarc/title/15728 245 10$aDizionario esegetico del Nuovo Testamento /$ca cura di Horst Balz e Gerhard Schneider. / edizione italiana a cura di Omero Soffritti. 260 $aBrescia :$bPaideia,$ccopyr. 1995-copyr. 1998. 300 $a2 v. ;$c25 cm. 650 4$aBibbia. Nuovo Testamento - Enciclopedie e dizionari.$0(OLS)http://semarc/subject/245 650 4$aBibbia - Interpretazione - NT.$0(OLS)http://semarc/subject/246 650 4$aBibbia - NT - Testo greco - Lessico.$0(OLS)http://semarc/subject/2474 700 1 $aBalz, Horst Robert.$0(OLS)http://semarc/name/701 700 1 $aSoffritti, Omero.$0(OLS)http://semarc/name/35 700 1 $aSchneider, Gerhard.$0(OLS)http://semarc/name/702 996 $6245$aDizionario esegetico del Nuovo Testamento$9(OLS)http://semarc/title/1274 996 $6260$aBrescia :$bPaideia$9(OLS)http://semarc/publisher/29614 LEADER 01438nam a2200313 i 4500 001 000000133849 003 CaOOAMICUS 005 20050114000000.0 008 050114s1998 xx u000 u mul u 013 $a106870 020 $a88-18-70214-9 040 $aSeMil$bita 100 0 $aPlato,$d<427-347 a.C.>.$0(OLS)http://semarc/name/5353 245 10$aEutifrone :$btesto greco a fronte /$cPlatone ; prefazione, saggio introduttivo, note e apparati di Giovanni Reale ; appendice bibliografica di Matteo Andolfo. 260 $aMilano :$bRusconi,$c1998. 300 $a190 p. ;$c21 cm. 490 0 $aTesti a fronte ;$v60 500 $aContiene : Schema del contenuto del «Eutifrone» ; Appendice Bibliografica : Letteratura critica del secolo 20. sull'«Eutifrone». 650 4$aFilosofia antica - Testi.$0(OLS)http://semarc/subject/69 700 1 $aAndolfo, Matteo.$0(OLS)http://semarc/name/37915 700 1 $aReale, Giovanni,$d<1931-2014>.$0(OLS)http://semarc/name/74 830 0$aTesti a fronte Rusconi ;$v60.$0(OLS)http://semarc/title/593 850 $aSeMil 852 $aSeMil$W1$xVenegono$y1$m72 22 60 *$j87649$B87649$CSeMilBibl$Z2$F91517 $81 900 0 $aPlatone. 996 $6020$a88-18-70214-9$9(OLS)http://semarc/number/106885 996 $6245$aEutifrone :$btesto greco a fronte$9(OLS)http://semarc/title/195846 996 $6260$aMilano :$bRusconi$9(OLS)http://semarc/publisher/30258